| 000 | 01096nam a22002057a 4500 | ||
|---|---|---|---|
| 003 | OSt | ||
| 005 | 20251211091001.0 | ||
| 008 | 251211b |||||||| |||| 00| 0 eng d | ||
| 040 | _cDCL | ||
| 050 |
_a၂၉၄.၃၄၄၃၅ _bဖား |
||
| 082 | _a၂၉၄.၃၈၂၃ | ||
| 100 | 0 | _aဖားအောက်တောရဆရာတော်။ | |
| 245 | 1 |
_aအမေးလေးထွေ အဖြေလေးရပ် (မလ္လိကာဒေဝီသုတ္တန် တရားဒေသနာတော်) / _cဖားအောက်တောရဆရာတော်။ |
|
| 260 |
_aရန်ကုန် ၊ _b[ပညာဉာဏ်ရောင်ပုံနှိပ်တိုက်]၊ _c၂၀၀၆။ |
||
| 300 |
_a၁၃၉ စာမျက်နှာ ၊ _c၂၀ စင်တီ။ |
||
| 500 | _aအက္ခရာစဉ်အညွှန်းပါသည်။ | ||
| 650 | _aမလ္လိကာဒေဝီသုတ္တန် | ||
| 650 |
_aဗုဒ္ဓဘာသာ _vတရားတော်။ |
||
| 942 |
_2ddc _cSHORT TERM _n0 |
||
| 999 |
_c2686 _d2686 |
||